Central Library OPAC University of Rajshahi

Effective selling through psychology : (Record no. 61224)

MARC details
000 -LEADER
fixed length control field 00901nam a2200265 a 4500
001 - CONTROL NUMBER
control field 61224
003 - CONTROL NUMBER IDENTIFIER
rucl marc code BD-RjUL
005 - DATE AND TIME OF LATEST TRANSACTION
control field 20211209080933.0
008 - FIXED-LENGTH DATA ELEMENTS--GENERAL INFORMATION
fixed length control field 170116s1981 maua b 001 0 eng
035 ## - SYSTEM CONTROL NUMBER
System control number (BD-RjUL)61348
040 ## - CATALOGING SOURCE
Original cataloging agency DLC
Transcribing agency DLC
Modifying agency BD-RjUL
Language of cataloging eng
041 ## - LANGUAGE CODE
Language code of text/sound track or separate title eng
082 00 - DEWEY DECIMAL CLASSIFICATION NUMBER
Classification number 658.81
Edition number 23
Author mark and year BUE 1981
100 1# - MAIN ENTRY--PERSONAL NAME
Personal name Buzzotta, V. Ralph,
Dates associated with a name 1931-
9 (RLIN) 182639
245 10 - TITLE STATEMENT
Title Effective selling through psychology :
Remainder of title dimensional sales and sales management strategies /
Statement of responsibility, etc. V.R. Buzzotta, R.E. Lefton, Manuel Sherberg.
260 ## - PUBLICATION, DISTRIBUTION, ETC. (IMPRINT)
Place of publication, distribution, etc. Cambridge, MA :
Name of publisher, distributor, etc. Ballinger Pub. Co.,
Date of publication, distribution, etc. c1981
300 ## - PHYSICAL DESCRIPTION
Pagination vi, 387 p. :
Illustrations ill. ;
Size 24 cm.
500 ## - GENERAL NOTE
General note Includes index.
650 #0 - SUBJECT ADDED ENTRY--TOPICAL TERM
Topical term or geographic name as entry element Selling
General subdivision Psychological aspects.
9 (RLIN) 182640
Topical term or geographic name as entry element Sales management.
9 (RLIN) 182641
700 1# - ADDED ENTRY--PERSONAL NAME
Personal name Lefton, Robert Eugene,
Dates associated with a name 1931-
Personal name Sherberg, Manuel.
942 ## - ADDED ENTRY ELEMENTS (KOHA)
Source of classification or shelving scheme Dewey Decimal Classification
Koha item type Books
Holdings
Lost status Source of classification or shelving scheme Damaged status Not for loan Collection code Permanent Location Current Location Shelving location Date acquired Source of acquisition Cost, normal purchase price Total Checkouts Full call number Date last seen Copy number Koha item type
  Dewey Decimal Classification   Not For Loan Non-fiction Central Library, University of Rajshahi Central Library, University of Rajshahi Reading Room 10/07/1985 Tulip 680.00   658.81 BUE 1981 16/01/2017 C-1 Books